000 00341nam a2200145Ia 4500
005 20251222143128.0
008 251222s9999||||xx |||||||||||||| ||spa||
020 _a8477200920
082 _a242.2/M42
100 _aMendiola, José María
245 0 _aEncontrar a Dios
250 _a1ra.ed.
264 _bEdiciones Obelisco
942 _cLIB
999 _c11792
_d11792